Statistics for Largest Municipalities of PENNSYLVANIA by First Letter

Click here to take the quiz!

General Stats

  • This quiz has been taken 78 times
  • The average score is 10 of 25

Answer Stats

LetterPopulationMUNICIPALITY% Correct
P1,567,442Philadelphia
100%
A120,207Allentown
97%
E100,678Erie
90%
H49,081Harrisburg
83%
S77,118Scranton
83%
L59,339Lancaster
73%
B74,892Bethlehem
68%
R88,976Reading
68%
W40,780Wilkes-Barre
68%
Y43,992York
67%
Q8,917Quakertown
30%
U82,829Upper Darby Township
30%
I14,100Indiana
25%
O10,137Oil City
15%
Z3,766Zelienople
13%
C37,014Cheltenham Township
10%
K13,074Kingston
7%
M54,003Millcreek Township
7%
G17,324Greene Township
5%
N39,646Northampton Township
5%
V7,332Valley Township
5%
D24,860Derry Township
3%
F34,077Falls Township
2%
J9,335Jeanette
2%
T29,504Tredyffrin Township
2%

Score Distribution

Percentile by Number Answered

Percent of People with Each Score

Your Score History

You have not taken this quiz